Statistics for Largest Cities in Emilia-Romagna

Click here to take the quiz!

General Stats

  • This quiz has been taken 42 times
  • The average score is 12 of 15

Answer Stats

PopulationCity% Correct
386,663Bologna
97%
184,973Modena
94%
192,836Parma
94%
147,750Rimini
91%
171,345Reggio Emilia
89%
133,155Ferrara
86%
159,116Ravenna
86%
96,758Cesena
83%
117,913Forli
83%
102,191Piacenza
83%
70,699Carpi
69%
69,797Imola
69%
58,541Faenza
63%
40,853Sassuolo
60%
36,327Casalecchio di Reno
43%

Score Distribution

Percentile by Number Answered

Percent of People with Each Score

Your Score History

You have not taken this quiz